Normal view
MARC view
Entry Personal Name
001 - CONTROL NUMBER
- control field: 874098
003 - CONTROL NUMBER IDENTIFIER
- control field: OSt
005 - DATE AND TIME OF LATEST TRANSACTION
- control field: 20260114185748.0
008 - FIXED-LENGTH DATA ELEMENTS
- fixed length control field: 260114|| aca||aabn | a|a d
040 ## - CATALOGING SOURCE
- Original cataloging agency: OSt
- Transcribing agency: OSt
100 ## - HEADING--PERSONAL NAME
- Personal name: Joseph McDonald
670 ## - SOURCE DATA FOUND
- Source citation: Work cat.: (OSt)1473034: Joseph McDonald, Searching for Sarah in the Second Temple Era Images in the Hebrew Bible, the Septuagint, the Genesis Apocryphon, and the Antiquities, 2020
